| 000 | 00868nam a2200253 i 4500 | ||
|---|---|---|---|
| 999 |
_c7739 _d7739 |
||
| 001 | 991059719365706706 | ||
| 003 | OSt | ||
| 005 | 20230530110548.0 | ||
| 008 | 211112s2021 sp r 000 0 spa d | ||
| 017 |
_aDL M-18185-2021 _bOficina DL Madrid |
||
| 020 | _a9788413774725 | ||
| 035 | _a(OCoLC)1286231698 | ||
| 040 |
_aES-BaUAB _bcat _erda _cCDMR |
||
| 245 | 0 | 0 |
_aNuevos modelos y paradigmas de la información _b: Desafíos y oportunidades en el periodismo / _cCarmen Peñafiel-Saiz, Guillermo Gurrutxaga-Rekondo (editores) |
| 264 | 1 |
_aMadrid : _bDykinson, _c2021 |
|
| 300 |
_a250 pàgines ; _c24 cm |
||
| 650 | 0 |
_93772 _aPeriodisme--Manuals d'estil |
|
| 650 | 0 |
_92272 _aPeriodisme _xInnovacions tecnològiques |
|
| 700 | 1 |
_aPeñafiel Saiz, Carmen _93274 |
|
| 700 | 1 | _aGurrutxaga-Rekondo, Guillermo, | |
| 908 |
_aUAB _aURV |
||
| 940 | _aUAB | ||
| 942 |
_2udc _cMON |
||